[Event "Varese Province-ch"]
[Site "Gallarate"]
[Date "2010.01.24"]
[Round "3"]
[White "Brioschi, Camillo"]
[Black "Bardelli, Alberto"]
[Result "1/2-1/2"]
[WhiteElo "1843"]
[BlackElo "1817"]
[PlyCount "77"]
[EventDate "2010.01.23"]
[EventType "swiss"]
[EventRounds "6"]
[EventCountry "ITA"]
[SourceTitle "EXT 2024"]
[Source "ChessBase"]
[SourceDate "2023.10.10"]
[SourceVersion "1"]
[SourceVersionDate "2023.10.10"]
[SourceQuality "1"]

1. d4 Nf6 2. c4 g6 3. Nf3 Bg7 4. Nc3 d5 5. cxd5 Nxd5 6. Nxd5 Qxd5 7. e4 Qxe4+ 8. Be3 0-0 9. Bd3 Qd5 10. h3 Nc6 11. Be2 Rd8 12. 0-0 Nxd4 13. Nxd4 Bxd4 14. Bf3 Qe5 15. Re1 Be6 16. Bxd4 Qxd4 17. Qc2 c6 18. Rad1 Qb6 19. b3 Rd6 20. Rxd6 exd6 21. Qc3 a5 22. Qf6 Re8 23. Bg4 Qb4 24. Re3 d5 25. Bxe6 fxe6 26. Rxe6 Rxe6 27. Qxe6+ Kg7 28. Qe5+ Kf7 29. Qc7+ Kf6 30. Qd8+ Kf5 31. Qe8 b5 32. Qf7+ Kg5 33. g3 Qe1+ 34. Kh2 Qb4 35. Qg7 Qd2 36. h4+ Kf5 37. Qf7+ Ke5 38. Qg7+ Kf5 39. Qf7+ 1/2-1/2

[Event "Isola d'Elba op 27th"]
[Site "Capoliveri"]
[Date "2009.05.??"]
[Round "3"]
[White "Bardelli, Alberto"]
[Black "Bossoni, Mario"]
[Result "0-1"]
[WhiteElo "1802"]
[BlackElo "1973"]
[PlyCount "58"]
[EventDate "2009.05.10"]
[EventType "swiss"]
[EventRounds "9"]
[EventCountry "ITA"]
[SourceTitle "EXT 2011"]
[Source "ChessBase"]
[SourceDate "2010.11.26"]
[SourceVersion "1"]
[SourceVersionDate "2010.11.26"]
[SourceQuality "1"]

1. e4 c5 2. Nf3 e6 3. d4 cxd4 4. Nxd4 Nf6 5. Bd3 Nc6 6. c3 d5 7. Nd2 Nxd4 8. cxd4 dxe4 9. Nxe4 Bb4+ 10. Bd2 Bxd2+ 11. Qxd2 0-0 12. Nxf6+ Qxf6 13. 0-0 b6 14. Be4 Ba6 15. Rfd1 Rad8 16. Qb4 Be2 17. Rd2 Bh5 18. d5 exd5 19. Bxd5 Qg5 20. f4 Qf6 21. Re1 Rfe8 22. Rc1 a5 23. Qc4 Qe7 24. Qd4 Rxd5 25. Qxd5 Qe3+ 26. Rf2 Qxc1+ 27. Rf1 Qe3+ 28. Kh1 Qxf4 29. Qb5 Qe5 0-1

[Event "Isola d'Elba op 27th"]
[Site "Capoliveri"]
[Date "2009.05.??"]
[Round "9"]
[White "Bardelli, Alberto"]
[Black "Giacometto, Mario"]
[Result "1/2-1/2"]
[WhiteElo "1802"]
[BlackElo "1974"]
[PlyCount "106"]
[EventDate "2009.05.10"]
[EventType "swiss"]
[EventRounds "9"]
[EventCountry "ITA"]
[SourceTitle "EXT 2011"]
[Source "ChessBase"]
[SourceDate "2010.11.26"]
[SourceVersion "1"]
[SourceVersionDate "2010.11.26"]
[SourceQuality "1"]

1. e4 Nf6 2. e5 Nd5 3. d4 d6 4. c4 Nb6 5. f4 Bf5 6. Nc3 e6 7. Be3 Na6 8. Nf3 c5 9. d5 Nb4 10. Rc1 exd5 11. cxd5 dxe5 12. Nxe5 a6 13. a3 N4xd5 14. Nxd5 Qxd5 15. Qxd5 Nxd5 16. Bxc5 Bxc5 17. Rxc5 Be4 18. Bc4 Rd8 19. 0-0 0-0 20. Re1 Nf6 21. Rc7 Rd2 22. Re2 Rxe2 23. Bxe2 Nd5 24. Rc4 f5 25. g3 h6 26. Kf2 Re8 27. Nd7 g5 28. fxg5 hxg5 29. Nc5 Nf6 30. Nxe4 Nxe4+ 31. Ke1 Re7 32. Rd4 Kg7 33. Kf1 Kf6 34. Bf3 Ke5 35. Ra4 Rd7 36. Bxe4 fxe4 37. Ke2 Rd3 38. Ra5+ b5 39. Rxa6 Rb3 40. h4 gxh4 41. gxh4 Rxb2+ 42. Ke3 Rb3+ 43. Ke2 b4 44. axb4 Rxb4 45. Ke3 Rb3+ 46. Ke2 Rh3 47. h5 Kf4 48. Rf6+ Kg5 49. Re6 Kf5 50. Ra6 Kg5 51. Re6 Kf4 52. Rf6+ Ke5 53. Ra6 Rh2+ 1/2-1/2